Engineers Fees 2007 (Record no. 106135)
[ view plain ]
| 000 -LEADER | |
|---|---|
| fixed length control field | 00322cam a2200145 4500 |
| 001 - CONTROL NUMBER | |
| control field | L135664 |
| 008 - FIXED-LENGTH DATA ELEMENTS--GENERAL INFORMATION | |
| fixed length control field | 061123n2006 000 0 eng u |
| 020 ## - INTERNATIONAL STANDARD BOOK NUMBER | |
| International Standard Book Number | 1903202579 |
| 035 ## - SYSTEM CONTROL NUMBER | |
| System control number | (Sirsi) u135664 |
| 245 ## - TITLE STATEMENT | |
| Title | Engineers Fees 2007 |
| 260 ## - PUBLICATION, DISTRIBUTION, ETC. | |
| Place of publication, distribution, etc. | The Fees Bureau |
| Date of publication, distribution, etc. | 2006 |
| 350 ## - PRICE (NR) (BK AM CF MU VM SE) [OBSOLETE] | |
| Price | 195.00 |
| 942 ## - ADDED ENTRY ELEMENTS (KOHA) | |
| Suppress in OPAC | 0 |
No items available.